00277nam a22001337a 4500003000400000020002200004082001400026100002100040245002400061250000900085260002700094300000900121650001300130SGT a978-81-312-3293-4 a617, S14T aTOWNSEND, C. M.  aTEXTBOOK OF SURGERY a19TH aASIA bELSEVIER c2014 a2129 aSURGERY